Leben und Thaten des scharfsinnigen Edlen Don Quijote von der Mancha (Record no. 2694)

MARC details
000 -CABECERA
campo de control de longitud fija 01995nam a2200325 a 4500
001 - NÚMERO DE CONTROL
campo de control BRCA_2955
005 - FECHA Y HORA DE LA ÚLTIMA TRANSACCIÓN
campo de control 20190320204038.0
008 - DATOS DE LONGITUD FIJA--INFORMACIÓN GENERAL
campo de control de longitud fija 161208s1884----gw-a---###---#000-0#ger-u
041 ## - CÓDIGO DE LENGUA
Código de lengua del texto/banda sonora o título independiente ger
044 ## - CÓDIGO DEL PAÍS DE LA ENTIDAD EDITORA/PRODUCTORA
Código MARC del país gw
084 ## - OTRO NÚMERO DE CLASIFICACIÓN
Número de clasificación 298
Número de documento/Ítem .S38
-- 1884
100 1# - ENTRADA PRINCIPAL--NOMBRE DE PERSONA
Nombre de persona Cervantes Saavedra, Miguel de
Fechas asociadas al nombre 1547-1616
9 (RLIN) 213
245 10 - MENCIÓN DE TÍTULO
Título Leben und Thaten des scharfsinnigen Edlen Don Quijote von der Mancha
Mención de responsabilidad, etc. Miguel de Cervantes Saavedra.
260 ## - PUBLICACIÓN, DISTRIBUCIÓN, ETC.
Lugar de publicación, distribución, etc. Berlin
Nombre del editor, distribuidor, etc. Schmidt : Stearnux
Fecha de publicación, distribución, etc. 1884
500 ## - NOTA GENERAL
Nota general Contenido : v 1. Primera parte. Prefacio del traductor. Prólogo del autor. Texto. -- v 2. Segunda parte. Texto
500 ## - NOTA GENERAL
Nota general Edición : Aus dem spanischen des Miguel de Cervantes Saavedra, neu bearbeitet von Ernst Wolfsogen. Mit Illustrationen von Gustavo Doré
500 ## - NOTA GENERAL
Nota general Traducción de E. von Wolzogen quien dice en el prólogo que, para hacer su trabajo, ha tomado por base la edición ilustrada de Stuttgart (1838), que es, a su vez, un arreglo de la de Bertuch. Afirma, asimismo, que ha mutilado muchos pasajes y suprimido otros por completo, lo cual unido a que tampoco tradujo las dedicatorias, los prólogos de Cervantes ni las poesías preliminares, hace que la presente versión sea una traducción fragmentaria. La edición es lujosa, bien impresa y adornada con los dibujos de Dorpe, grabados por Pisan. Semipiel; con adornos dorados en las lomeras Lúdovik Osterc
500 ## - NOTA GENERAL
Nota general Estado físico : La portada está ligeramente desprendida
500 ## - NOTA GENERAL
Nota general Incluye índice : de ilustraciones al principio de cada volúmen
500 ## - NOTA GENERAL
Nota general QM534
546 ## - NOTA DE LENGUA/LENGUAJE
Nota de lengua/lenguaje Texto en : alemán
650 14 - PUNTO DE ACCESO ADICIONAL DE MATERIA--TÉRMINO DE MATERIA
Término de materia o nombre geográfico como elemento de entrada Novela española
Subdivisión cronológica Época clásica, 1500-1700
9 (RLIN) 215
650 14 - PUNTO DE ACCESO ADICIONAL DE MATERIA--TÉRMINO DE MATERIA
Término de materia o nombre geográfico como elemento de entrada Literatura española
Subdivisión cronológica Época clásica, 1500-1700
9 (RLIN) 216
650 14 - PUNTO DE ACCESO ADICIONAL DE MATERIA--TÉRMINO DE MATERIA
Término de materia o nombre geográfico como elemento de entrada Novela española
Subdivisión cronológica Siglo XVII
9 (RLIN) 217
650 14 - PUNTO DE ACCESO ADICIONAL DE MATERIA--TÉRMINO DE MATERIA
Término de materia o nombre geográfico como elemento de entrada Don Quijote (Personaje ficticio)
Término indicativo de función/relación Novela
9 (RLIN) 218
700 1# - PUNTO DE ACCESO ADICIONAL--NOMBRE DE PERSONA
Nombre de persona Wolfzogen, Ernst Freiherr von
Fechas asociadas al nombre 1855-1934
Término indicativo de función/relación Traductor
9 (RLIN) 8213
740 0# - PUNTO DE ACCESO ADICIONAL--TÍTULO RELACIONADO O ANALÍTICO NO CONTROLADO
Título relacionado o analítico no controlado El Ingenioso Hidalgo Don Quijote de la Mancha
902 ## - CATALOGADOR
Iniciales QFM
942 ## - ELEMENTOS DE PUNTO DE ACCESO ADICIONAL (KOHA)
Fuente del sistema de clasificación o colocación Library of Congress Classification
Tipo de ítem Koha Libros
Holdings
Estado de retiro Estado de pérdida Estado dañado No para préstamo Localización permanente Ubicación/localización actual Fecha de adquisición Número de inventario Total de préstamos Signatura topográfica completa Código de barras Fecha visto por última vez Precio válido a partir de Tipo de ítem Koha
El ejemplar forma parte de la colección y puede ser consultado según las políticas vigentes.       Biblioteca del Museo Franz Mayer (Rogerio Casas-Alatriste) Biblioteca del Museo Franz Mayer (Rogerio Casas-Alatriste) 16/12/2008 QM534   298 .S38 1884 (QM534) 2952 22/03/2019 22/03/2019 Libros